Лексикография русского языка (Запись № 10790769)

Подробности
000 -МАРКЕР
контрольное поле 03193nam0a2200409 4500
001 - ИДЕНТИФИКАТОР ЗАПИСИ
контрольное поле RU\NLR\BIBL_A\010956712
005 - ИДЕНТИФИКАТОР ВЕРСИИ
контрольное поле 20260408070339.0
010 ## - МЕЖДУНАРОДНЫЙ СТАНДАРТНЫЙ НОМЕР КНИГИ (ISBN)
Номер (ISBN) 978-5-8493-0234-8
Тираж 1000
021 ## - НОМЕР ГОСУДАРСТВЕННОЙ РЕГИСТРАЦИИ
Код страны Российская Федерация
Номер 2015-101893
Номер Листа государственной регистраци 6349
035 ## - ДРУГИЕ СИСТЕМНЫЕ НОМЕРА
Идентификатор записи (NILC)RuMoRGB-008111078
035 ## - ДРУГИЕ СИСТЕМНЫЕ НОМЕРА
Идентификатор записи (NLR Aleph) 010956712
100 ## - ДАННЫЕ ОБЩЕЙ ОБРАБОТКИ
Данные общей обработки 20160125d2013 |||y0rusy50 ca
101 0# - ЯЗЫК РЕСУРСА
Язык текста, звукозаписи и т.д. русский
102 ## - СТРАНА ПУБЛИКАЦИИ ИЛИ ПРОИЗВОДСТВА
Страна публикации Российская Федерация
105 ## - ПОЛЕ КОДИРОВАННЫХ ДАННЫХ: ТЕКСТОВЫЕ МАТЕРИАЛЫ, МОНОГРАФИЧЕСКИЕ
Кодированные данные о монографическом текстовом документе c|||j|||000yy
200 1# - ЗАГЛАВИЕ И СВЕДЕНИЯ ОБ ОТВЕТСТВЕННОСТИ
Основное заглавие Лексикография русского языка
Сведения, относящиеся к заглавию учебник для высших учебных заведений Российской Федерации
-- к использованию в образовательных учреждениях, реализующих образовательные программы высшего профессионального образования по направлению подготовки 032700 "Филология" по дисциплине "Современный русский язык. Лексикология. Фразеология. Лексикография"
Первые сведения об ответственности [О.В. Васильева, к.филол.н., Е.В. Генералова, к.филол.н., А.С. Герд, д.филол.н. и др.]
Последующие сведения об ответственности под ред. проф. Д. М. Поцепни
-- М-во образования и науки Российской Федерации, Санкт-Петербургский гос. ун-т, ФГАУ "Федеральный ин-т развития образования"
210 ## - ПУБЛИКАЦИЯ, РАСПРОСТРАНЕНИЕ И ДР.
Место издания, распространения и т.д. Санкт-Петербург
Имя издателя, распространителя и т. д. Филологический факультет Санкт-Петербургского государственного университета
Дата издания, распространения и т.д. 2013
215 ## - ФИЗИЧЕСКАЯ ХАРАКТЕРИСТИКА
Специфическое обозначение материала и объем 703, [1] с.
Другие сведения о физической характеристике портр.
Размеры 22
225 1# - СЕРИЯ
Основное заглавие серии Учебно-методический комплекс по курсу "Лексикография русского языка"
225 1# - СЕРИЯ
Основное заглавие серии Русский мир: учебники для высшей школы
300 ## - ОБЩИЕ ПРИМЕЧАНИЯ
Текст примечания Авт. указаны на обороте тит. л.
320 ## - ПРИМЕЧАНИЯ О НАЛИЧИИ В ДОКУМЕНТЕ БИБЛИОГРАФИИ / УКАЗАТЕЛЯ
Текст примечания Библиогр. в конце гл. и в подстроч. примеч.
606 1# - НАИМЕНОВАНИЕ ТЕМЫ КАК ПРЕДМЕТ
Наименование темы Русский язык
Формальный подзаголовок Учебники для высших учебных заведений
Тематический подзаголовок Лексикография
Системный номер авторитетной/нормативной записи 1533951
Идентификатор авторитетной/нормативной записи RU\NLR\AUTH\66969533
686 1# - ИНДЕКСЫ ДРУГИХ КЛАССИФИКАЦИЙ
Индекс Ш141.12-923-4
701 #1 - ИМЯ ЛИЦА - АЛЬТЕРНАТИВНАЯ ОТВЕТСТВЕННОСТЬ
Материалы, к которым относится поле rus
Графика поля Кириллица
Начальный элемент ввода Васильева
Часть имени, кроме начального элемента ввода О. В.
Дополнения к именам, кроме дат канд. филол. наук, диалектология
Даты 1969-
Расширение инициалов личного имени Ольга Владимировна
Идентификатор авторитетной/нормативной записи RU\NLR\AUTH\7737139
Системный номер авторитетной/нормативной записи 20128
701 #1 - ИМЯ ЛИЦА - АЛЬТЕРНАТИВНАЯ ОТВЕТСТВЕННОСТЬ
Начальный элемент ввода Генералова
Часть имени, кроме начального элемента ввода Е. В.
Расширение инициалов личного имени Елена Владимировна
701 #1 - ИМЯ ЛИЦА - АЛЬТЕРНАТИВНАЯ ОТВЕТСТВЕННОСТЬ
Материалы, к которым относится поле rus
Графика поля Кириллица
Начальный элемент ввода Герд
Часть имени, кроме начального элемента ввода А. С.
Даты 1936-2016
Расширение инициалов личного имени Александр Сергеевич
Идентификатор авторитетной/нормативной записи RU\NLR\AUTH\778118
Системный номер авторитетной/нормативной записи 118036
702 #1 - ИМЯ ЛИЦА - ВТОРИЧНАЯ ОТВЕТСТВЕННОСТЬ
Начальный элемент ввода Поцепня
Часть имени, кроме начального элемента ввода Д. М.
Расширение инициалов личного имени Дина Михайловна
712 02 - НАИМЕНОВАНИЕ ОРГАНИЗАЦИИ - ВТОРИЧНАЯ ОТВЕТСТВЕННОСТЬ
Код отношения Прочие
Начальный элемент ввода Санкт-Петербургский государственный университет
Идентификатор авторитетной/нормативной записи RU\NLR\AUTH\8810043151
Системный номер авторитетной/нормативной записи 585805
801 #0 - ИСТОЧНИК ЗАПИСИ
Страна Российская Федерация
Организация РГБ
Дата составления 20160112
Правила каталогизации RCR
801 #2 - ИСТОЧНИК ЗАПИСИ
Страна Российская Федерация
Организация РГБ
Дата составления 20160113
Правила каталогизации rcr
942 ## - ДОПОЛНИТЕЛЬНЫЕ ЭЛЕМЕНТЫ ЗАПИСИ (АБИС)
Тип экземпляра АБИС Книга
980 ## - КОЛЛЕКЦИЯ
Название коллекции НБР
980 ## - КОЛЛЕКЦИЯ
Название коллекции Национальная библиография
Экземпляры
Тип экземпляра Дата поступления Источник поступления Библиотека постоянного хранения Библиотека текущего хранения Место хранения Шифр хранения Штрих-код Статус экземпляра Стоимость
Книга 25.01.2016 Обязательный экземпляр РНБ (Московский) РНБ (Московский) Русский книжный фонд: издания с 1957 года 2016-5/447 1-1323166    
Книга 25.01.2016 Обязательный экземпляр РНБ (Московский) РНБ (Московский) Русский книжный фонд: издания с 1957 года 2016-5/447 1-1323165    
Книга 02.02.2016   РНБ (Московский) РНБ (Московский) Фонд общего зала литературы по филологии, педагогике и искусству (гуманитарной литературы)   ERR-62858   0.00
Книга 02.02.2016   РНБ (Фонтанка) РНБ (Фонтанка) Юношеский читальный зал   ERR-62892   0.00